Principais Escolas de Samba do Rio de Janeiro - Statistics

Estatísticas Gerais
  • Esse quiz foi jogado 458 vezes
  • A pontuação média é 15 de 25
Estatísticas das Respostas
Escola de Samba % Correto
Estação Primeira de MANGUEIRA
97%
BEIJA-FLOR de Nilópolis
94%
PORTELA
93%
Acadêmicos do SALGUEIRO
90%
UNIDOS DA TIJUCA
89%
MOCIDADE Independente de Padre Miguel
84%
IMPERATRIZ LEOPOLDINENSE
81%
Unidos do VIRADOURO
80%
Unidos de VILA ISABEL
79%
Acadêmicos do GRANDE RIO
78%
IMPÉRIO SERRANO
71%
UNIÃO DA ILHA do Governador
67%
ESTÁCIO DE SÁ
64%
PARAÍSO DO TUIUTI
60%
SÃO CLEMENTE
59%
Unidos do PORTO DA PEDRA
57%
CAPRICHOSOS DE PILARES
43%
Acadêmicos da ROCINHA
38%
IMPÉRIO DA TIJUCA
36%
TRADIÇÃO
34%
INOCENTES de Belford Roxo
26%
UNIDOS DA PONTE
25%
Acadêmicos de SANTA CRUZ
24%
RENASCER de Jacarepagua
21%
UNIDOS DO CABUÇU
15%
Nenhum quiz correspondente encontrado
Distribuição das Pontuações
Porcentagem de Pessoas com Cada Pontuação
Percentil de Números Respondidos
Sua Pontuação Histórica
Você não jogou esse quiz